|
|
|
|
| LEADER |
00000cam a2200000 i 4500 |
| 001 |
1/29999 |
| 008 |
060523m1956 ger d |
| 035 |
|
|
|l 10084038
|
| 040 |
|
|
|a GR-MY-UA
|b gre
|e aacr
|
| 041 |
0 |
|
|a ger
|
| 082 |
0 |
|
|a 193
|2 (22)
|
| 100 |
1 |
|
|a Jaspers, Karl,
|d 1883-1969.
|
| 245 |
1 |
0 |
|a Karl Jaspers philosophie /
|c Karl Jaspers
|
| 246 |
3 |
3 |
|a Philosophie
|
| 250 |
|
|
|a 3η έκδ.
|
| 260 |
|
|
|a Berlin; Gottingen :
|b Springer,
|c 1956
|
| 300 |
|
|
|a 3 τ.;
|c 25 εκ.
|
| 505 |
0 |
|
|a Τ.1. Philosophische Weltorientierung. - τ.2. Existenzerhellung. - τ.3. Metaphysik
|
| 600 |
1 |
0 |
|a Jaspers, Karl,
|d 1883-1969.
|
| 650 |
0 |
0 |
|a Philosophy.
|
| 650 |
0 |
0 |
|a Metaphysics.
|
| 740 |
0 |
2 |
|a Philosophische Weltorientierung
|
| 740 |
0 |
2 |
|a Existenzerhellung
|
| 740 |
0 |
2 |
|a Metaphysik
|
| 852 |
|
|
|a INST
|b RHODES
|c KRI
|e 20060523
|h 193 JAS
|p 005400020834
|q 005400020834
|t BK
|v τ.2:
|y 0
|z τ.2
|
| 852 |
|
|
|a INST
|b RHODES
|c KRI
|e 20060523
|h 193 JAS
|p 005400020835
|q 005400020835
|t BK
|v τ.1:
|y 0
|z τ.1
|
| 852 |
|
|
|a INST
|b RHODES
|c KRI
|e 20060615
|h 193 JAS
|p 005400024863
|q 005400024863
|t BK
|v τ.3:
|y 0
|z τ.3
|
| 853 |
|
|
|a INST
|b RHODES
|c KRI
|h 193 JAS
|
| 901 |
|
|
|a BIBL4-2006-2
|
| 909 |
|
|
|a Ρ
|b 123660
|
| 909 |
|
|
|a Ρ
|b 123661
|
| 909 |
|
|
|a Ρ
|b 123801
|
| 970 |
|
|
|a ΚΟΖΑ
|b ΜΑΡΙΑ
|z 2006/05/23
|